000 00511cam a2200205ua 4500
001 6572
008 150813n ii |||gr||||Z||||||eng
020 _a81-219-1801-4
040 _cMAIN
041 _aeng
082 _a338.04
245 _aEntrepreneural development
_cBy S.S. Khanka
250 _a1st ed.
260 _aNew delhi:
_bS. Chand & company ltd.,
_c2007.
300 _axiv,405p.
653 _aProduction
653 _aEntrepreneural development
700 _aKhanka,S.S.,
_eAuthor.
942 _cBK
999 _c5721
_d5721